Word Scramble - Countries of Oceania - Statistics

General Stats
  • This quiz has been taken 39 times
  • The average score is 9 of 10
Answer Stats
Answer % Correct
Fiji
100%
Tonga
100%
Tuvalu
100%
Kiribati
83%
Australia
80%
Micronesia
80%
Nauru
75%
Palau
75%
Vanuatu
71%
New Zealand
67%
Papua New Guinea
67%
Samoa
67%
Solomon Islands
67%
Marshall Islands
25%
No matching quizzes found
Score Distribution
Percent of People with Each Score
Percentile by Number Answered
Your Score History
You have not taken this quiz